000 00283nam a22001337a 4500
008 171009b xxu||||| |||| 00| 0 eng d
020 _a0072483938
041 _aeng
080 _23RD
_a159.9
100 _a49
101 _aPSI
245 _aGENDER SPEAK
_cIVY.D.K
942 _2udc
_cBK
999 _c32633
_d32633